| 000 | 00340nam a22001337a 4500 | ||
|---|---|---|---|
| 082 |
_a387.5 _bREP _cD |
||
| 100 |
_aNurgul Bahar, _938411 |
||
| 245 | _aYachting/ | ||
| 260 |
_aTurkey: _bAtilim defter ve ambalaj san, _cc1998 |
||
| 300 |
_bill,: _c29 cm. |
||
| 526 |
_a0 _b0 _c0 _d387_500000000000000_REP |
||
| 650 |
_aMCE _9379 |
||
| 942 |
_2ddc _cBK |
||
| 999 |
_c543061 _d543061 |
||